000 00358nam a22001217a 4500
999 _c9461
_d9461
003 OSt
008 201203b ||||| |||| 00| 0 eng d
245 _aMan Made Textiles In India
250 _a2011( Jan Vol.39 No.1, Mar Vol.39 No.3, Jun Vol.39 No.6, Jul Vol.39 No.7 )
260 _aMumbai
_bU.K. Gangopadhyay
650 _aTextile Engineering
942 _2ddc
_cBV